000
00342nam a2200145Ia 4500
008
180207s9999 xx 000 0 und d
020
_a
864616597
050
_b
O487 [2005]
100
_a
Oliver, Mark
245
_a
Robot dog /
245
_c
Mark Oliver.
260
_b
Koala Books,
300
_a
unpaged :
300
_b
color illustration ;
999
_c
355250
_d
355250